Language Quiz

Random Language or French Quiz

French natural world level 1 Quiz Stats

Quiz not verified by Sporcle

Also try: Dessert Sayings
Challenge
Share
Tweet
Embed
Score 0/57 Timer 20:00
0 Plays Today
English French % Correct
gulfle golfe
90%
coastlinele littoral
80%
cliffla falaise
80%
wavela vague
80%
cavela grotte
80%
estuaryl'estuaire
70%
poolla mare
70%
fresh waterl'eau douce
70%
bend, loopla boucle
70%
waterfallla cascade
70%
currentle courant
70%
roughagité
70%
rough seaune mer agitée
70%
smooth seaune mer calme
70%
seabedle fond de mer
70%
high tidela marée haute
70%
low tidela marée basse
70%
peninsularla péninsule
70%
bayla baie
70%
pebblele galet
70%
shellfish; shellle coquillage
70%
passle col
70%
slopela pente
70%
slopele versant
70%
grovele bosquet
70%
undergrowthle sous-bois
70%
mossla mousse
70%
dry land, mainlandla terre ferme
60%
pondl'étang
60%
English French % Correct
salt wterl'eau salée
60%
tributaryl'affluent
60%
river-bedle lit de rivière
60%
foaml'écume
60%
mountain ragela chaîne de montagnes
60%
fernla fougère
60%
headlandle promontoire
50%
edge, bankle bord
50%
bend, loopla courbe
50%
ebb and flowle reflux et le flux
50%
capele cap
50%
shellla coquille
50%
cavela caverne
50%
rockla roche
50%
clearingla clairière
50%
heathla lande
50%
bend, loople detour
40%
covela crique
40%
boulder, rockle rocher
40%
wave, breakerla lame
30%
tide, billowle flot
30%
ridgela crête
30%
precipicele precipice
30%
slab, blockle bloc
30%
copsele taillis
30%
bank (river, lake)la rive
20%
pebble, stonele caillou
20%
bank (canal)la berge
10%

You're not logged in!

Compare scores with friends on all Sporcle quizzes.
Join for Free
OR
Log In

You Might Also Like...

Show Comments

Extras

Created Mar 15, 2013ReportNominate
Tags:French Quiz, English, material

Top Quizzes Today


Score Distribution

Your Account Isn't Verified!

In order to create a playlist on Sporcle, you need to verify the email address you used during registration. Go to your Sporcle Settings to finish the process.

Report this User

Report this user for behavior that violates our Community Guidelines.

Details: